000 00527nam a2200193Ia 4500
005 20250508150458.0
008 008 250505s9999 xx 000 0 eng d
037 _aTextual
040 _aFEDL
_beng
_cFEDL
041 _aeng
_2eng
084 _a157.9, HAR
_qFEDL
100 _aHart Bernard
245 0 _aPsychology of insanity
260 _aLondon, UK
_bCambridge University Press
_c1930
300 _axxxiv,176p
650 _aAbnormal psychology
942 _cTEXL
_h157.9, HAR
999 _c1323835
_d1323835